History of mathematical logic from Leibniz to Peano

Saved in:
Bibliographic Details
Main Author: Stiazhkin, N. I.
Format: Book
Language:English
Russian
Published: Cambridge, Mass. : M.I.T. Press, c1969.
Subjects:
Tags: Add Tag
No Tags, Be the first to tag this record!

MARC

LEADER 00000cam a2200000 i 4500
001 1/100782
008 090206s1969 mau| ||| |||| ||eng||
020 |a 0262190575  
035 |l 10102995 
040 |a GR-MyUA  |b gre  |e AACR2 
041 1 |a eng  |h rus 
082 0 |a 511.309   |2 (22) 
100 1 |a Stiazhkin, N. I. 
245 1 0 |a History of mathematical logic from Leibniz to Peano /   |c N. I. Styazhkin.  
260 |a Cambridge, Mass. :   |b M.I.T. Press,   |c c1969.  
300 |a viii, 333 σ. ;   |b εικ. ;   |c 21 εκ. 
504 |a Περιέχει βιβλιογραφικές παραπομπές και ευρετήριο.  
500 |a Τίτλος πρωτοτύπου: Stanovleniye idey matematicheskoy logiki.  
650 0 0 |a Logic, Symbolic and mathematical  |x History. 
852 |a INST  |b SAMOS  |c MAG  |e 20090206  |h 511.309 STY  |p 005300029413  |q 005300029413  |t BK  |y 0 
901 |a BIBL3-2009-1 
909 |a Σ  |b 155556 
970 |a ΡΟΥΣΣΟΥ  |b ΚΩΝΣΤΑΝΤΙΝΑ  |z 2009/02/06